[Event "Cherniak Memorial"]
[Site "Ramat Aviv"]
[Date "2000.04.24"]
[Round "4"]
[White "Tyomkin, Dimitri"]
[Black "Tsesarsky, Ilya"]
[Result "1-0"]
[WhiteElo "2516"]
[BlackElo "2458"]
[Annotator "Tsesarsky,I"]
[PlyCount "107"]
[EventDate "2000.04.??"]
[EventType "tourn"]
[EventRounds "5"]
[EventCountry "ISR"]
[SourceTitle "CBM 076"]
[Source "ChessBase"]
[SourceDate "2000.05.31"]
[SourceVersion "1"]
[SourceVersionDate "2000.05.31"]
[SourceQuality "1"]

1. d4 Nf6 2. Bg5 e6 3. e4 h6 4. Bxf6 Qxf6 5. Nc3 d6 6. Qd2 g5 7. h4 $1 {
This move is not a novelty, but maybe best reaction on 6...g5.} Bg7 $6 (7... g4
$1 8. f4 (8. h5 a6 9. O-O-O Nc6 10. f4 gxf3 11. Nxf3 Bd7 12. e5 dxe5 13. dxe5
Qe7 14. Ne4 O-O-O 15. Qf4 Bg7 16. Bc4 Kb8 $11 {Pomes Marcet,Juan-Garcia
Ilundain,David/ESP-chT Salamanca (5) ;EXT 99 1998/1/2-1/2 (42)}) 8... gxf3 9.
gxf3 h5 10. f4 Bh6 11. Nge2 Nc6 12. O-O-O Bd7 13. Kb1 O-O-O 14. Qe3 e5 15. dxe5
(15. Nd5 exf4 16. Qf2 Qg7 (16... Qe6 17. Bg2 f5 18. Nexf4 Qf7 19. Rhf1 Rhg8 $11
) 17. Nexf4 Bg4 18. Be2 $14 {[%csl Rf7]}) 15... dxe5 16. Nd5 Qg7 17. Qc5 Bg4
$132 {1/2-1/2 Forchert,Niko-Brenke,Andreas/NRW-Liga I 9697 (3) ;EXT 98 1996 
(39)}) (7... gxh4 8. Nf3 $14 {[%csl Rh4]}) (7... Nc6 8. O-O-O (8. Nb5 Kd7 (8...
Kd8 9. hxg5 Qg6 (9... hxg5 10. e5 (10. Rxh8 Qxh8 11. Qxg5+ Be7 $132 {[%csl Rd4]
}) 10... Qg7 11. Rxh8 Qxh8 12. Qxg5+ Be7 13. Qf4 dxe5 (13... a6 14. exd6) 14.
Qxf7 exd4 15. O-O-O $14) 10. e5 a6 11. Nc3 Nb4 12. Rc1 Bg7 13. a3 $16) 9. hxg5
hxg5 10. Rxh8 Qxh8 11. O-O-O $14) 8... g4 9. f4 gxf3 10. gxf3 Bg7 11. Nb5 Qe7 (
11... Kd8 12. f4 a6 13. e5 $16) 12. d5 a6 13. Nxc7+ Qxc7 14. dxc6 Qxc6 15. Qxd6
$14) 8. hxg5 (8. O-O-O $6 Nc6 9. Bb5 Bd7 10. hxg5 Qxd4 11. Qxd4 Nxd4 12. Bxd7+
Kxd7 13. gxh6 Rxh6 $15 {0-1 Molnar,Bela-Horvath,Jozsef/Paks GM Ungarn ;EXT 98
1996 (24)}) 8... hxg5 9. Rxh8+ Bxh8 10. O-O-O Nc6 (10... Bd7 11. Nf3 Nc6 12. d5
(12. Nb5 O-O-O 13. Qxg5 Qxg5+ 14. Nxg5 a6 15. Nxf7 axb5 16. Nxd8 Kxd8 17. d5
$16) 12... Nb4 13. Bc4 b5 (13... g4 14. Nd4 O-O-O 15. a3 exd5 16. exd5 Bg7 17.
Kb1 Bh6 18. Qe2 Re8 19. Qf1 c5 20. Nde2 Na6 21. Bxa6 bxa6 $132) 14. e5 Qf4 15.
Qxf4 gxf4 16. Nxb5 $16 {Lputian,Smbat G-Tukmakov,Vladimir B/Tilburg blitz
blitz (3) ;CBM 44 1994/0-1 (56)}) (10... a6 11. Nf3 (11. Nh3 Nc6 12. d5 g4 13.
dxc6 gxh3 14. gxh3 bxc6 15. f4 Qe7 16. Bc4 Bb7 17. Rg1 O-O-O $132 {Nataf,Igor
Alexandre-Chuchelov,Vladimir/Cappelle op Cappelle la Grande (1) ;EXT 97 1995/1/
2-1/2 (61)}) 11... g4 12. e5 Qg7 13. Ng5 dxe5 14. d5 $16) (10... Bg7 $5 11. Nh3
Bh6 12. e5 Qe7 13. Ne4 dxe5 14. dxe5 Nd7 15. Nhxg5 (15. Bb5 c6 16. Nd6+ (16.
Be2) 16... Kf8 $132) 15... Nxe5 16. f4 Nc6 17. Qc3 Bxg5 18. fxg5 $18) 11. Nf3
$1 (11. Bb5 Bd7 12. Nge2 O-O-O 13. Qe3 Kb8 14. f3 Bg7 $11 {1/2-1/2
Shereshevski,Mikhail-Kolev,Atanas/Elenite-B (1) ;CBM 43 ext 1994 (24)}) 11...
Qf4 {I thought about 40 minutes, but had to agree with worse position.} ({
Alternative was} 11... g4 12. Nb5 Kd8 $1 (12... gxf3 13. Nxc7+ Ke7 14. Nxa8
Nxd4 15. c3 $18) (12... Qe7 13. Nh2 (13. Qh6 $2 Bf6 14. e5 dxe5 15. Nd2 (15.
dxe5 Nxe5 16. Nxc7+ Qxc7 17. Qxf6 gxf3 18. Bb5+ Nc6 19. Qh8+ $11) 15... exd4
16. Nxc7+ Qxc7 17. Qxf6 Qe7 18. Ne4 Qxf6 19. Nxf6+ Ke7 20. Nxg4 e5 $15) 13...
a6 14. Qh6 Bf6 15. Nxc7+ Qxc7 16. Qxf6 $18) 13. e5 $1 Qg7 14. Ng1 a6 15. Nc3 d5
(15... dxe5 16. dxe5+ Ke8 17. f4 gxf3 18. Nxf3 $16) (15... f5 16. f4 $1 $16 {
[%csl Rh8]}) 16. f4 gxf3 (16... Bd7 17. f5 f6 18. fxe6 Bxe6 19. Nge2 fxe5 20.
dxe5 Qxe5 21. Nf4 Bf7 22. Nfxd5 Bxd5 23. Bc4 $16) 17. Nxf3 Bd7 18. Bd3 Ke7 19.
Rh1 $16) 12. Qxf4 gxf4 13. Bb5 Bd7 14. Ne2 $1 (14. Rh1 Ke7 $1 15. Ne2 Rg8 16.
c3 e5 17. d5 Nb8 18. Bxd7 Nxd7 19. Kc2 Nc5 20. Nd2 $14 {[%cal Gg2g3]}) 14... e5
(14... a6 15. Bxc6 Bxc6 16. d5 exd5 17. exd5 Bb5 18. Nxf4 $16) 15. Rh1 O-O-O (
15... Ke7 16. d5 (16. Nc3 Nb4 17. Bxd7 exd4 $1 $14) 16... Nb8 (16... Nb4 17.
Bxd7 Kxd7 18. a3 Na6 19. Rh7 $16) 17. Rxh8 Bxb5 18. Kd2 $16 {[%cal Gh8a8,Gg2g3]
}) 16. d5 Ne7 17. Bxd7+ Kxd7 18. Ng5 $2 {This native move is mistake!} (18. g3
$16 {[%cal Ge2g3,Gg3f5]}) 18... Bf6 19. Nxf7 Rg8 {[%csl Rf7,Rg2]} 20. Rh6 (20.
Rh2 Rg7 21. Nh6 Bg5 $1 $11) 20... Ng6 21. Rh7 Nf8 22. Rh2 Rg6 $2 $16 (22... Rg7
$1 {The same idea, only with Nf8 instead of e7} 23. Nh6 Bg5 24. f3 Bxh6 25.
Rxh6 Rxg2 26. Kd2 $11) 23. Ng1 Ke8 24. Nh6 Bg5 25. Nf5 f3+ 26. Kd1 fxg2 27.
Rxg2 Bf4 28. Ng7+ Kf7 $2 $18 (28... Ke7 29. Rxg6 Nxg6 $16) 29. Rxg6 Kxg6 (29...
Nxg6 30. Ne6 $18) 30. Ne8 Kf7 (30... Nd7 31. Nxc7 Nc5 32. f3 Na4 33. Ke2 Nxb2
34. Nh3 $18) 31. Nxc7 a6 32. Ne2 (32. Nf3 Ke7 33. Nh4 Kd8 (33... Kd7 34. Na8
$18) 34. Ne6+ Nxe6 35. dxe6 Ke7 36. Ng6+ $18) 32... Bg5 33. Ne6 (33. Ng3 Bd8
34. Na8 Ke7 35. Nf5+ Kd7 36. c4 $18) 33... Nxe6 34. dxe6+ Kxe6 35. Nc3 $18 {
[%csl Rd5] This endgame is winning for White.} Kd7 36. Ke2 Bd8 37. Nd5 Kc6 38.
Kd3 Bh4 39. f3 Bg5 40. Kc4 b5+ 41. Kb4 Bd8 42. a4 a5+ 43. Kb3 Kc5 44. axb5 Kxb5
45. Nc3+ Kc5 46. Ka4 Kc4 47. Nd5 Kc5 48. b3 Kc6 49. Ne3 Bc7 50. Nc4 d5 51.
exd5+ Kxd5 52. Nxa5 Ke6 53. Nc4 Bb8 54. Kb5 1-0

[Event "Zanic Memorial"]
[Site "Stara Pazova"]
[Date "2001.03.10"]
[Round "2"]
[White "Kosanovic, Goran A"]
[Black "Jeremic, Veljko"]
[Result "0-1"]
[WhiteElo "2437"]
[BlackElo "2334"]
[Annotator "Tsesarsky,I"]
[PlyCount "92"]
[EventDate "2001.03.09"]
[EventType "tourn"]
[EventRounds "11"]
[EventCountry "YUG"]
[EventCategory "8"]
[SourceTitle "CBM 082"]
[Source "ChessBase"]
[SourceDate "2001.05.17"]
[SourceVersion "1"]
[SourceVersionDate "2001.05.17"]
[SourceQuality "1"]

1. d4 Nf6 2. Bg5 g6 3. Bxf6 exf6 4. e3 Bg7 5. c4 O-O 6. Nc3 f5 {this position
can be evaluated as equal. White has changed his B for black N and has created
doubled PP f, but Black hasn't weaknesses and all position opening would be in
Black's favour.} ({Another defence plan is connected} 6... d6 7. g3 {with} c5
8. Bg2 (8. dxc5 dxc5 9. Qxd8 Rxd8 10. Bg2 Nc6 11. Bxc6 $6 (11. Nge2 Ne5 12. b3
Nd3+ 13. Kf1 Rb8 $132) 11... bxc6 12. Rd1 Bg4 13. Rxd8+ Rxd8 14. h3 Bf5 15.
Nge2 $6 (15. b3 $132 {[%cal Gc3a4]}) 15... Bc2 $15 {0-1 Knezevic,B-Pavasovic,D/
Budapest 1994/EXT 97 (33)}) 8... Nc6 9. Nge2 cxd4 (9... f5 10. dxc5 dxc5 11.
Bxc6 bxc6 12. Qxd8 Rxd8 13. Rd1 Be6 14. b3 g5 $132 {1-0 Danielian,
E-Cherednichenko,S/Warsaw POL 2001/The Week in Chess 338 (47)}) 10. exd4 Bg4
11. O-O Qb6 12. f3 Bd7 13. Qd2 a6 14. Nd5 Qa7 15. Rfd1 $14 {1/2-1/2
Yegiazarian,A-Mirumian,V/Yerevan 1994/EXT 97 (42)}) 7. g3 (7. h4 d6 8. g3 Nd7
9. Nge2 Nf6 10. Bg2 c6 11. O-O Re8 12. Qd3 $11 {1/2-1/2 Nielsen,P-Berndt,S/
Hamburg 1989/EXT 97 (27)}) (7. Bd3 b6 8. Qf3 Nc6 9. Nge2 Bb7 10. Qg3 Re8 11. h4
Nb4 12. Bb1 Be4 13. Nxe4 fxe4 14. Nc3 c5 $1 $15 (14... Nd3+ $2 15. Bxd3 exd3
16. O-O-O $14 {[%csl Rd3] 1-0 Klifoth,K-Bener,A/Lyngby 1989/EXT 97 (57)})) (7.
Nge2 d6 8. g3 Nd7 9. Bg2 Nf6 10. O-O c6 11. b4 Re8 12. b5 Bd7 $11 {1/2-1/2
Hain,G-Hupprich,T/Waldfischbach 1995/EXT 2001 (33)}) (7. Nf3 d6 8. Bd3 Nd7 9.
O-O Nf6 10. Qc2 Qe7 11. Nd5 Qd8 12. b4 b6 13. Rac1 Bb7 14. Nxf6+ Qxf6 15. e4
$11 {1-0 Eriksson,J-Livner,A/Salongernas 1996/EXT 99 (37)}) 7... c5 $5 ({
Another continuations are more reliable:} 7... Re8 8. Nge2 Nc6 (8... d6 9. Bg2
c6 $11) 9. Bg2 a6 (9... d6 10. O-O Ne7 11. b4 g5 12. b5 Ng6 $132 {1-0 Romero
Holmes,A-Garcia del Blanco,I/Leon 1997/CBM 59 ext/ (45)}) 10. Rb1 d6 11. O-O
Bd7 12. b4 h5 13. h4 $132 {1-0 Nielsen,N-Ejsing,E/Aarhus 1984/MCD (51)}) (7...
d6 8. Bg2 Nd7 (8... c5 $6 9. Nge2 Nc6 10. dxc5 dxc5 11. Bxc6 bxc6 12. Qxd8 Rxd8
13. Rd1 {[%csl Rc5,Rc8] we can compare this position with position from the
game Knezevic,B-Pavasovic noted above. Here Pf5 instead of Bf5 makes position
of Black bad.} Rxd1+ (13... Be6 14. b3 h6 15. O-O g5 16. Na4 Bf8 17. Nc1 $14 {
[%csl Rc5]}) 14. Kxd1 f4 15. gxf4 Bg4 16. Kc2 Rd8 17. Re1 $14 {1-0 Legky,
N-Gerber,R/Geneve 1994/TD (35)}) 9. Nge2 Nf6 10. h4 Re8 11. Qd3 h6 $132 {
0-1 Nakamura,H-Eljanov,P/Ubeda ESP 2001/The Week in Chess 325 (29)}) 8. Nge2 (
8. dxc5 Bxc3+ (8... Qa5 9. Nge2 Qxc5 10. Qd5 Na6 11. Bg2 $14) 9. bxc3 Na6 10.
Bg2 Nxc5 11. Ne2 d6 $11) 8... cxd4 9. exd4 Nc6 10. Qd2 Re8 11. O-O-O (11. Bg2
$2 Nxd4 $17) 11... a6 12. Bg2 b5 13. c5 Rb8 ({White hasn't any advantage in
case of} 13... Bb7 14. Rhe1 Rc8 15. Kb1 b4 $1 (15... d6 $2 16. d5 Ne5 17. c6
$16) (15... Na5 $6 16. Bxb7 Nxb7 17. Nf4 Qa5 (17... d6 18. Rxe8+ Qxe8 19. Nfd5
{[%cal Gd1e1,Gd5e7]} Qf8 20. Re1 Re8 21. Rxe8 Qxe8 22. c6 Na5 23. c7 Nc6 24.
Nb6 $16) 18. Nfd5 b4 19. Ne2 b3 20. axb3 Qxd2 21. Rxd2 $16) 16. Nd5 d6 17. Nxb4
dxc5 18. Nxc6 Bxc6 19. d5 Ba4 20. Rc1 Rb8 21. Nc3 Rxe1 22. Rxe1 Qa5 23. Re3
$132) 14. Rhe1 Bb7 {threatening Nxd4!} 15. Bh1 (15. Kb1 $2 Nxd4 16. Bxb7 Nxe2
17. Rxe2 Rxb7 18. Rxe8+ Qxe8 19. Nd5 Qe4+ $17) 15... Ba8 16. Kb1 Qa5 17. f4 b4
$1 {Black recieved strong counterplay and position of White became dangerous.}
(17... Ne7 $6 18. Bxa8 Rxa8 19. Nc1 $14) 18. Nd5 b3 $1 19. Qxa5 Nxa5 20. a3 (
20. axb3 $4 Nxb3 $19 {[%csl Rd4]}) 20... Re6 $5 ({Quite strong was} 20... Nc4
$1 21. Rc1 (21. Ndc3 Bxh1 22. Rxh1 Re3 23. Rhe1 (23. Nc1 Nxa3+ $19) 23... Rbe8
$17) 21... Bxd5 $1 (21... Ne3 22. Nc7 (22. Nxe3 Rxe3 23. Bxa8 Rxa8 24. Rcd1
Rae8 25. Rd2 Bf6 $3 $19 {[%cal Gf6d8,Gd8a5]}) 22... Bxh1 23. Rxh1 Re7 24. Nxa6
Rc8 25. Nb4 Ng4 26. Nc3 Bxd4 27. Nb5 $14) 22. Bxd5 Ne3 23. Bf3 (23. Bc4 Nxc4
24. Rxc4 Re4 25. Kc1 Rbe8 26. Kd2 h5 27. Rb4 h4 28. Rxb3 Bxd4 29. Rb7 Bf2 $19)
23... Nc2 24. Rf1 Bxd4 25. Nxd4 Nxd4 26. Rcd1 Nxf3 27. Rxf3 Re2 28. Rfd3 $44)
21. Ndc3 Bxh1 22. Rxh1 Rbe8 23. Nc1 Re3 (23... Kf8 24. Rd3 h6 $132) 24. Nd5
R3e4 25. Nc7 Rc8 26. Nxa6 Bxd4 27. Rd3 {[%csl Rb3]} Nc4 $1 {[%csl Rb2][%cal
Gd4b2,Gc4b2]} (27... Rc6 28. Rhd1 Bg7 29. Nb4 Rxc5 30. Nxb3 Nxb3 31. Rxb3 $16)
28. Nxb3 Bxb2 29. Rhd1 $2 $17 {Now Black's initiative brings something: White
put mistake in difficult defence.} ({Equality after} 29. Nd2 $1 Nxd2+ 30. Kxb2
$1 Nc4+ 31. Kc2 Re6 32. Nb4 Rxc5 33. Kb3 $44 {[%csl Rd7]}) 29... Re2 ({Or} 
29... Bxa3 30. Rxd7 Re2 $17) 30. Nd2 $5 Rxd2 $4 $16 {Badly! Great advantage is
took over to White...} ({Or} 30... Ne3 $2 31. Rxe3 Rxe3 32. Kxb2 Ra8 33. Nb4
Rexa3 34. Nc4 $16) ({Right was only} 30... Nxd2+ $1 31. Kxb2 (31. R1xd2 Rxd2
32. Rxd2 Bxa3 $17 {-like in the game.}) 31... Ne4+ 32. Kb3 Rc6 33. Nb4 Nxc5+
34. Kc3 Rc7 $17) 31. R1xd2 Nxd2+ 32. Rxd2 $4 $17 {Terrible mistake. White
loses by moment his serious advantage.} ({Right was to take another piece:} 32.
Kxb2 Ne4 33. Rxd7 $16) 32... Bxa3 33. Rxd7 Bxc5 34. Nxc5 Rxc5 35. Rd2 $6 (35.
Kb2 h6 36. h4 Kg7 37. Kb3 $17) 35... Kg7 36. Kb2 h6 37. Rc2 $2 {Loses by force}
({More stubborn was} 37. h4 Kf6 38. Rd6+ Ke7 39. Ra6 $1 $17 (39. Rd3 Rc6 40.
Kb3 Kf6 {Here possible to play} 41. Rc3 $1 Rd6 $1 {Black avoids RR exchange.} (
41... Rxc3+ 42. Kxc3 g5 43. hxg5+ hxg5 44. Kd4 gxf4 45. gxf4 Kg7 (45... Ke6 46.
Kc5 Kf6 47. Kd4 Kg6 48. Ke5 $11) 46. Ke3 Kg6 47. Kf3 Kh5 48. Kg3 $11) 42. Kc2
g5 {In this endgame Black has decisive advantage because of P over and too far
white K allocation.} 43. hxg5+ hxg5 44. Rc4 (44. Rd3 Rxd3 45. Kxd3 gxf4 46.
gxf4 Kg6 47. Ke3 Kh5 48. Kf3 Kh4 $19) 44... Kg6 45. fxg5 Kxg5 46. Rc7 Rf6 47.
Rc4 f4 48. gxf4+ Rxf4 49. Rc7 f5 50. Kd3 Re4 51. Rg7+ Kf4 52. Rg1 Re3+ 53. Kd4
(53. Kd2 Re5 54. Rf1+ Kg3 $19) 53... Rf3 $19)) 37... Rxc2+ 38. Kxc2 g5 39. fxg5
(39. Kd3 gxf4 40. gxf4 Kg6 41. Ke3 Kh5 42. Kf3 Kh4 $19) 39... hxg5 40. Kd3 g4
41. Ke2 Kf6 42. Kf2 Ke5 43. Kg2 Ke4 44. Kf2 f4 45. Kg2 f3+ 46. Kf2 f5 0-1

[Event "Olympiad-34"]
[Site "Istanbul"]
[Date "2000.11.04"]
[Round "7.1"]
[White "Torre, Eugenio"]
[Black "Ye, Jiangchuan"]
[Result "1/2-1/2"]
[WhiteElo "2552"]
[BlackElo "2670"]
[Annotator "Tsesarsky,I"]
[PlyCount "56"]
[EventDate "2000.10.28"]
[EventType "team-swiss"]
[EventRounds "14"]
[EventCountry "TUR"]
[SourceTitle "EXT 2001"]
[Source "ChessBase"]
[SourceDate "2000.11.22"]
[SourceVersion "1"]
[SourceVersionDate "2000.11.22"]
[SourceQuality "1"]
[WhiteTeam "Philippines"]
[BlackTeam "China"]
[WhiteTeamCountry "PHI"]
[BlackTeamCountry "CHN"]

1. d4 Nf6 2. Bg5 Ne4 3. Bh4 c5 4. f3 g5 5. fxe4 gxh4 6. Nc3 (6. e3 {-mainline})
6... cxd4 ({Possible to play also} 6... Bg7 7. e3 d6 8. Bb5+ (8. Bc4 O-O 9. Qh5
cxd4 10. exd4 Bxd4 11. Nf3 Bxc3+ (11... Bf6 $2 12. e5 $1 {[%csl Rg8,Rh7][%cal
Gc4d3]} dxe5 (12... Bxe5 13. Bd3 f5 14. Ng5 $18) 13. Bd3 $18 {1-0 Troebitz,
X-Tischer,X/cr DDR in FS (18)}) 12. bxc3 Nd7 $132) 8... Nc6 9. Qd3 Bd7 10. Nf3
h3 11. gxh3 a6 12. Rg1 Bh6 13. Bxc6 Bxc6 14. O-O-O $14 {1-0 Hiarcs 7.
32-Rebel_Tiger 12.0e/Cadaques ESP 2000/ (59)}) ({Or} 6... Bh6 7. Nf3 Rg8 8. e5
Qa5 $132 (8... Qb6 $6 9. Nd5 Qa5+ (9... Qxb2 $4 10. Rb1 $18 {[%csl Ra8][%cal
Gd5c7]} (10. c3 $4 Kd8 $17 {0-1 Bader-Klatt/cr DDR 1967/(20)})) 10. c3 $14)) 7.
Qxd4 Rg8 8. e5 Nc6 9. Qe4 {Ph4 is not so important} ({For example:} 9. Qxh4 h6
(9... Nxe5 10. Qxh7 Rg6 11. O-O-O d6 12. e3 Bd7 13. Nf3 $14 {1/2-1/2 Bellas,
A-Miralles,G/France tt 1993/ (24)}) 10. Nf3 Qa5 11. O-O-O (11. Qe4 Bg7 {
[%csl Re5]} 12. O-O-O e6 (12... Nxe5 $2 13. Rd5) 13. e3 Nxe5 14. Nb5 Nxf3 15.
Qxf3 {[%csl Rf7][%cal Gb5d6]} Qxa2 16. Nd6+ (16. Nc7+ Ke7 17. Nxa8 Qxb2+ 18.
Kd2 Bc3+ 19. Kd3 b6 $13 {[%csl Rd3]}) 16... Kd8 17. c3 $132) 11... Nxe5 12. Rd5
Nxf3 $1 13. exf3 Qb6 $132 {1/2-1/2 Kneipp,G-Schoeneberg,G/cr WT/M/474 1989/ 
(20)}) 9... Qa5 10. Nf3 {Black solved opening problems. Here Black must decide:
to play d6!? with sharp position or} Qb4 $5 ({Badly is} 10... Bg7 $2 11. O-O-O
h6 (11... e6 12. Qxh7 Kf8 13. Qxh4 $16) 12. e3 a6 13. Bc4 e6 14. Qh7 Kf8 15.
Nxh4 Qxe5 (15... Nxe5 16. Rhf1 $16 {1-0 Dr,S-Heemsoth/cr 1958/ (27)}) 16. Ng6+
$1 fxg6 17. Rhf1+ Bf6 18. Rxf6+ Qxf6 19. Rf1 Qxf1+ 20. Bxf1 $16) ({Interesting
plan opens by} 10... d6 $5 11. O-O-O Be6 12. exd6 O-O-O $1 {Black's idea is to
open position for pair of BB.} 13. Qxh7 (13. a3 exd6 14. Qxh7 Rg4 15. h3 Rc4
16. Qd3 d5 17. Nb1 Bh6+ 18. e3 (18. Nbd2 d4 19. Kb1 Rc3 $1 $19) 18... d4 $17 {
0-1 Sinowatny-Norrelykke/cr 1992/ (21)}) 13... exd6 14. Qxh4 Rg4 15. Qe1 Bxa2
16. Nd5 Bh6+ 17. e3 Qc5 $17 {0-1 Kunc-Moisieev,O/cr 1970/Inf 09/ (25)}) 11.
Qxb4 Nxb4 12. O-O-O Nc6 13. Nb5 (13. Nd5 Kd8 14. Kb1 Bg7 15. e6 (15. Nxh4 Bxe5
16. Nf3 Bh8 $15 {BB}) 15... fxe6 16. Nf4 Kc7 $15 {0-1 Wall,B-Moore,R/(05) 1992/
(38)}) 13... Kd8 (13... Rb8 $132) 14. Nbd4 Kc7 (14... Bg7 15. e6 Nxd4 16. Nxd4
d6 17. exf7 Rf8 18. e3 Rxf7 19. Bc4 $132) 15. e3 (15. Nf5 $6 {met by} Nxe5 $1
16. Nxe5 d6 $15 {[%csl Re5,Rf5]}) 15... Bg7 16. Nxc6 ({I would prefer} 16. Nf5
Bh8 ({Dubious is} 16... Bxe5 $6 17. Nxe5 Nxe5 18. Nxe7 $14) 17. h3 (17. g3 $5
hxg3 18. hxg3 {[%csl Rh7][%cal Gh1h7]} e6 19. Nd6 Rxg3 20. Rxh7 Rxf3 21. Rxh8
Nxe5 22. Nb5+ Kb6 23. Nd6 Kc7 $11) 17... e6 18. Nd6 Bxe5 19. Nxf7 Bg3 20. N7g5
Bf2 21. Nxh7 Bxe3+ 22. Kb1 Rg6 {[%csl Rh7]} 23. Nf8 Rf6 24. Nh7 $11) 16... dxc6
17. Rd4 Bh6 ({Interesting is} 17... h3 18. g3 $5 (18. gxh3 Bh6 19. Kd2 Be6 $15
{[%csl Rd2,Rd4][%cal Gc6c5]}) 18... Bh6 (18... Be6 19. Rh4 h6 20. Bxh3 Bd5 21.
Rf1 b5 22. b3 $14) 19. Kd2 Bg4 20. Be2 Rad8 21. Rd3 Bf5 22. Rxd8 Rxd8+ 23. Bd3
c5 24. Ke2 $44) 18. Kd2 Rg4 (18... h3 $5 19. g3 {-see previous comments.}) 19.
Rxg4 ({Reliable also} 19. c3 Be6 20. Rxg4 Bxg4 21. Nxh4 Rd8+ 22. Bd3 Bg7 23. h3
Be6 24. b3 Bxe5 25. Nf3 $132) 19... Bxg4 20. h3 Be6 21. Bd3 Rg8 22. Rg1 ({
Dubious is} 22. Nxh4 $6 Rg3 23. Re1 Bg5 24. Nf3 Rxg2+ 25. Re2 Rg3 26. Nxg5 Rxg5
$17) 22... Rg3 23. Ke2 Bd5 (23... Bxa2 {leads to equal position - Black
sacrifices piece and recieves 3P:} 24. b3 {[%csl Ra2][%cal Gg1a1]} a5 {[%cal
Ga5a4]} 25. Ra1 a4 26. Rxa2 Rxg2+ 27. Kd1 axb3 28. Rb2 bxc2+ 29. Rxc2 Rg3 30.
Ke2 Rxh3 31. Rc4 b5 32. Rxh4 Rxh4 33. Nxh4 $11 {[%csl Rh7]}) 24. e4 ({Not} 24.
Nxh4 $2 Rxe3+ 25. Kf2 Rxe5 $17) 24... Be6 (24... Bxa2 {here also B sacrifice
is enough only for equality:} 25. b3 a5 26. Ra1 a4 27. Rxa2 axb3 28. Rb2 bxc2
29. Bxc2 Rxg2+ 30. Kf1 Rg3 $44) 25. Kf2 Bf4 26. Nxh4 Bxe5 27. Nf3 Bf4 28. Nd4
Rg6 1/2-1/2

[Event "Skopje op 18th"]
[Site "Skopje"]
[Date "2002.01.16"]
[Round "2"]
[White "Miladinovic, Igor"]
[Black "Kolev, Atanas"]
[Result "0-1"]
[WhiteElo "2509"]
[BlackElo "2568"]
[Annotator "Tsesarsky,I"]
[PlyCount "86"]
[EventDate "2002.01.15"]
[EventType "swiss"]
[EventRounds "9"]
[EventCountry "MKD"]
[SourceTitle "CBM 088"]
[Source "ChessBase"]
[SourceDate "2002.03.21"]
[SourceVersion "1"]
[SourceVersionDate "2002.03.21"]
[SourceQuality "1"]

1. d4 Nf6 2. Bg5 Ne4 3. Bf4 c5 4. f3 Qa5+ 5. c3 Nf6 6. Nd2 cxd4 7. Nb3 Qd8 8.
Bxb8 (8. cxd4 d5 (8... g6 9. e4 {-see commented game 1/2-1/2 De la Villa
Garcia,J-Polgar,J/Pamplona 2000/CBM 75[Alterman,B] (28)}) 9. e3 {-mainline.})
8... Rxb8 9. Qxd4 a6 10. e4 d6 $132 {Black equalized without any difficulties.
This sicilian PP structure without light-squares B in the white camp can't be
dangerous for Black.} 11. f4 (11. Rd1 Qc7 12. Qa7 Bd7 13. Bxa6 Qc8 14. Bf1 Ra8
15. Qb6 Rxa2 16. Na5 Qd8 17. Qxd8+ Kxd8 18. b4 Kc7 $15 {0-1 Elliott,
W-Dominguez,L/Istanbul 2000/EXT 2001 (34)}) 11... g6 12. Nf3 (12. e5 dxe5 13.
Qxe5 Ra8 14. Nf3 Bg7 15. Rd1 Qb6 16. Qd4 Qxd4 17. Nbxd4 O-O $11 {1/2-1/2
Werner,C-Becker,M/Germany 1992/GER-chT2 (76)}) 12... Bg7 13. e5 Nd7 14. O-O-O (
14. Bc4 O-O 15. O-O b5 16. Bd5 Qc7 $15) 14... dxe5 15. fxe5 Qc7 $15 {[%csl Re5]
} 16. Bc4 e6 {[%csl Re5]} (16... b5 17. Bd5 e6 18. Be4 Nxe5 19. Bc6+ Kf8 20.
Qb4+ Kg8 $15) (16... Nxe5 $6 17. Rhe1 f6 18. Nxe5 fxe5 19. Qd5 e6 20. Qc5 Qxc5
21. Nxc5 Ke7 22. Bd3 $44) 17. Rhe1 b5 18. Bd3 O-O 19. Kb1 a5 20. Bc2 b4 21.
cxb4 Rxb4 22. Qd6 Qa7 23. Nfd4 Rb6 $2 $16 {Black drops his slight advantage
and gives it to White...} ({Much better is} 23... Nb8 24. Qc5 Qxc5 25. Nxc5 Rc4
26. Ncb3 a4 27. Nc1 Ba6 28. Nf3 Rfc8 29. Be4 R4c7 30. Nd3 Nd7 31. Nb4 Bc4 32.
Bd3 Nb6 $15) 24. Nc6 Rxc6 {Black had to sacrifice exchange for P.} ({Or} 24...
Qa6 25. Nbxa5 Kh8 26. Bd3 Qa8 27. Qc7 $16) 25. Qxc6 Nxe5 ({Or} 25... a4 26. Nd4
Nxe5 27. Qxa4 Qc7 28. Nb5 $16) 26. Qa4 $2 $44 ({Why not} 26. Qc5 Qb8 27. Qd6
Qxd6 28. Rxd6 Bb7 29. Be4 Nc4 30. Rd7 Bxe4+ 31. Rxe4 Rc8 32. a4 Nxb2 (32... h5
33. Ra7 $16) 33. Nxa5 $16) 26... Qb8 27. Rd2 $4 $19 {[%csl Ra4,Rd2] This
terrible mistake allows Black to catch Qa5 -and after Qxa5 to play Nc4 with
double threat to Qa5 and Rd2.} ({right was} 27. h4 Ba6 28. Qxa5 Bc4 $44) 27...
Ba6 $1 {[%csl Ra4][%cal Ge5c4,Ga6b5] Threatening to catch Qa4} 28. Rd4 (28.
Rdd1 Nc4 29. Qc6 Bb5 $19 {[%csl Rb2]}) (28. Rf2 Nc4 29. Qc6 Bb5 30. Qf3 a4 $19)
28... Bb5 29. Qa3 Nc4 30. Rxc4 (30. Qc5 Rc8 31. Red1 Bxd4 32. Qxd4 a4 33. Nc5
Qc7 $19) 30... Bxc4 31. Nxa5 Bd5 32. g3 Qb6 33. Nb3 Qf2 34. Qb4 Qxh2 35. g4 Rc8
36. Qd2 Qg3 (36... Qxd2 37. Nxd2 Bxa2+ $19) 37. Bd1 Bh6 38. Qb4 Qd3+ 39. Ka1
Bf8 40. Qf4 Ra8 41. Qe3 Qa6 42. a3 Bxa3 43. bxa3 Qxa3+ 0-1